|
|
|
|
| LEADER |
00000nab a2200000 a 4500 |
| 001 |
vtls008847736 |
| 003 |
SK-MaSNL |
| 005 |
20260304144412.0 |
| 008 |
250505c2006 xo mr|p|||||||000 b|slo |
| 015 |
|
|
|a SNBRB2006/09
|2 snkbucl
|
| 035 |
|
|
|a (uuid)7dfdf6bc-7ccc-4424-bdb2-b97edc9eef17
|
| 035 |
|
|
|a urn:nbn:sk:snk-abc0qf
|
| 035 |
|
|
|a (urnnbn)urn:nbn:sk:snk:ar-000oe0
|
| 038 |
|
|
|a SNKBUCL
|
| 040 |
|
|
|a SNKBUCL
|b slo
|c SNKBUCL
|e AACR2
|
| 041 |
0 |
|
|a slo
|
| 044 |
|
|
|a xo
|c SK
|
| 080 |
|
|
|a 811.162.4
|2 1997
|
| 080 |
|
|
|a 003.035
|2 1997
|
| 100 |
1 |
|
|a Parenička, Pavol,
|d 1959-
|4 aut
|9 100367
|
| 245 |
1 |
0 |
|a Ešte raz o prepisovaní priezvisk historických rodov (nielen uhorských)
|c Pavol Parenička
|
| 504 |
|
|
|a Bibliogr. odkazy
|
| 650 |
0 |
7 |
|a slovenčina
|2 snkbucl
|9 1350
|
| 650 |
0 |
7 |
|a transkripcia
|2 snkbucl
|9 24476
|
| 650 |
0 |
7 |
|a priezviská
|2 snkbucl
|9 13343
|
| 773 |
0 |
|
|t Knižnica
|g Roč. 7, č. 6-7 (2006), s. 35-40
|x 1335-7026
|
| 850 |
|
|
|a Slovenská národná knižnica
|
| 852 |
|
|
|a Slovenská národná knižnica
|
| 856 |
4 |
1 |
|u http://www.snk.sk/images/snk/casopis_kniznica/2006/jun_jul/35.pdf
|
| 954 |
|
|
|a odborná, vedecká literatúra pôvodná (slovenská)
|2 lita
|
| 958 |
|
|
|a article15
|
| 958 |
|
|
|a OND
|
| 958 |
|
|
|a KL
|
| 958 |
|
|
|a NB
|
| 958 |
|
|
|a EUIPO
|
| 999 |
|
|
|c 2931079
|d 2933009
|